[Event "N4 E Aubois 1-  BME "]
[Site "?"]
[Date "2015.03.28"]
[Round "5"]
[White "Vega, Emmanuel"]
[Black "Roussel, Jean-marc"]
[Result "0-1"]
[WhiteElo "1757"]
[BlackElo "1695"]
[PlyCount "156"]
[EventDate "2012.10.14"]
[SourceDate "2015.03.29"]

1. e4 c5 2. Nf3 e6 3. d4 cxd4 4. Nxd4 Nc6 5. Nc3 a6 6. Be3 Nf6 7. a3 Qc7 8. Be2
Be7 9. Qd2 d6 10. f3 Bd7 11. g4 h6 12. O-O-O b5 13. Ncxb5 axb5 14. Nxb5 Qb8 15.
Nxd6+ Kf8 16. Nc4 g5 17. Nb6 Ra7 18. Nxd7+ Rxd7 19. Qc3 Rc7 20. Bc5 Kg7 21.
Bxe7 Nxe7 22. Qd2 Rhc8 23. Bd3 Rd7 24. h4 Qf4 25. hxg5 Qxd2+ 26. Rxd2 hxg5 27.
e5 Nfd5 28. Rdh2 Kf8 29. Rh8+ Ng8 30. Bh7 Nde7 31. Rh5 Kg7 32. Be4 Rcd8 33. b4
Rc7 34. R8h7+ Kf8 35. Rxg5 Rd4 36. Rh8 Rxe4 37. fxe4 Rc4 38. Kb2 Rxe4 39. Kb3
Ng6 40. a4 Nxh8 41. a5 Ng6 42. a6 Rd4 43. a7 Rd8 44. b5 N8e7 45. Rh5 Nd5 46.
Ka4 Ra8 47. Rh1 Rxa7+ 48. Kb3 Nxe5 49. c4 Rb7 50. g5 Nd7 51. g6 fxg6 52. Kc2
N5f6 53. Rf1 Kg7 54. Ra1 g5 55. Ra6 Kf7 56. Rc6 g4 57. Ra6 g3 58. Ra1 Kg6 59.
Rg1 Nh5 60. Kd3 Kg5 61. Re1 e5 62. Ke4 Nf4 63. Kf3 Nh5 64. Re4 Rc7 65. Rg4+ Kf5
66. Rh4 Ndf6 67. b6 Rb7 68. c5 e4+ 69. Kg2 Ke5 70. Rh1 Kd5 71. Rc1 Kc6 72. Rc3
Nd5 73. Rc1 Ne3+ 74. Kh3 g2 75. Kh2 Nf4 76. Re1 Ng4+ 77. Kg3 g1=Q+ 78. Rxg1
Ne2+ 0-1

[Event "Epernay/Rethel"]
[Site "?"]
[Date "2015.03.29"]
[Round "5"]
[White "Crepaux, Jean-Marie"]
[Black "Vedovotto, Nicolas"]
[Result "1/2-1/2"]
[WhiteElo "1880"]
[BlackElo "2128"]
[PlyCount "51"]
[EventDate "2015.02.04"]
[SourceDate "2015.04.11"]

1. e4 Nc6 2. d4 e5 3. dxe5 Nxe5 4. Nf3 Qf6 5. Be2 Bc5 6. Nc3 Ne7 7. O-O O-O 8.
Nd5 Nxd5 9. Qxd5 Nxf3+ 10. Bxf3 d6 11. c3 h6 12. Re1 Bg4 13. Qd3 Rae8 14. Bd2
Qg6 15. Bxg4 Qxg4 16. Qg3 Qg6 17. Qf3 Re6 18. Re2 Rfe8 19. Rae1 c6 20. Kf1 Rf6
21. Bf4 Rfe6 22. Qg3 Qh5 23. Qd3 a5 24. Bg3 d5 25. e5 Qg6 26. Qxg6 1/2-1/2

[Event "Epernay/Rethel"]
[Site "?"]
[Date "2015.03.29"]
[Round "5"]
[White "Sohier, Renaud"]
[Black "Durant, Christophe"]
[Result "1/2-1/2"]
[WhiteElo "2076"]
[BlackElo "1929"]
[PlyCount "52"]
[EventDate "2015.02.04"]
[SourceDate "2015.04.18"]

1. d4 Nf6 2. c4 e5 3. d5 Bc5 4. Nc3 d6 5. e3 Bf5 6. b4 Bb6 7. Nge2 a6 8. Ng3
Bg4 9. Qc2 Nbd7 10. Bd3 Nf8 11. Nf5 Bxf5 12. Bxf5 Ng6 13. Qa4+ Nd7 14. e4 Nh4
15. Bh3 Bd4 16. Bd2 Qe7 17. Nb5 O-O 18. Nxd4 Nb6 19. Qb3 exd4 20. Qd3 Rae8 21.
f3 f5 22. O-O-O fxe4 23. fxe4 Qxe4 24. Qxe4 Rxe4 25. Be6+ Kh8 26. Rhf1 Ng6
1/2-1/2

[Event "Epernay/Rethel"]
[Site "?"]
[Date "2015.03.29"]
[Round "5"]
[White "Puech"]
[Black "Noizet, Donatien"]
[Result "1/2-1/2"]
[WhiteElo "1834"]
[BlackElo "1974"]
[PlyCount "26"]
[EventDate "2015.02.04"]
[SourceDate "2015.04.18"]

1. e4 e5 2. Nf3 Nc6 3. Bc4 Bc5 4. c3 Nf6 5. d4 exd4 6. cxd4 Bb4+ 7. Bd2 Bxd2+
8. Nbxd2 d5 9. exd5 Nxd5 10. O-O O-O 11. Ne5 Nxe5 12. dxe5 Nb6 13. Qc2 Nxc4
1/2-1/2

[Event "Epernay/Rethel"]
[Site "?"]
[Date "2015.03.29"]
[Round "5"]
[White "Gerardin"]
[Black "Leroy, Patrick"]
[Result "1/2-1/2"]
[WhiteElo "1772"]
[BlackElo "1820"]
[PlyCount "47"]
[EventDate "2015.02.04"]
[SourceDate "2015.04.18"]

1. Nf3 Nf6 2. d4 d5 3. e3 e6 4. Bd3 c5 5. c3 Nbd7 6. b3 Be7 7. Bb2 O-O 8. Nbd2
b6 9. O-O Bb7 10. Rc1 Rc8 11. c4 Ne4 12. Qc2 Ndf6 13. Rfd1 cxd4 14. Bxe4 dxe4
15. Nxd4 a6 16. Qb1 Qc7 17. h3 Rfd8 18. a3 Qd7 19. Ne2 Qd3 20. Nf4 Qxb1 21.
Nxb1 Nd7 22. b4 a5 23. bxa5 bxa5 24. Bc3 1/2-1/2

[Event "Epernay/Rethel"]
[Site "?"]
[Date "2015.03.29"]
[Round "5"]
[White "Monceau"]
[Black "Marchal, Ludovic"]
[Result "0-1"]
[WhiteElo "1735"]
[BlackElo "1700"]
[PlyCount "74"]
[EventDate "2015.02.04"]
[SourceDate "2015.04.18"]

1. d4 Nf6 2. c4 g6 3. Nc3 Bg7 4. e4 d6 5. h3 O-O 6. Nf3 c5 7. d5 b5 8. cxb5 a6
9. bxa6 Nxa6 10. Be2 Qb6 11. O-O Nb4 12. Be3 Ba6 13. a3 Bxe2 14. Qxe2 Na6 15.
Qc2 Rfb8 16. Rfb1 Qc7 17. Nd2 Nd7 18. Rf1 Rb7 19. Rab1 Rab8 20. Nc4 Ne5 21. Nd2
c4 22. f4 Nd3 23. b3 cxb3 24. Qxd3 Qxc3 25. Qxc3 Bxc3 26. Rfc1 Bg7 27. Rc6 Nc5
28. Bxc5 dxc5 29. Rxc5 Bd4+ 30. Kf1 Bxc5 31. a4 Rb4 32. Ke2 Bd6 33. g3 Rxa4 34.
Rxb3 Rxb3 35. Nxb3 Rxe4+ 36. Kf3 Ra4 37. Nd2 f5 0-1

[Event "Epernay/Rethel"]
[Site "?"]
[Date "2015.03.29"]
[Round "5"]
[White "Molet"]
[Black "Lambert"]
[Result "1-0"]
[WhiteElo "1399"]
[BlackElo "1650"]
[PlyCount "60"]
[EventDate "2015.02.04"]
[SourceDate "2015.04.18"]

1. d4 d5 2. Bf4 Nf6 3. Nc3 a6 4. e3 e6 5. Nf3 c5 6. Be2 Bd6 7. g3 Bxf4 8. gxf4
c4 9. Ne5 Nbd7 10. Nf3 b5 11. Rg1 b4 12. Na4 O-O 13. Nc5 Qa5 14. Qd2 Nxc5 15.
a3 c3 16. Qc1 cxb2 17. Qxb2 bxa3+ 18. Kf1 axb2 19. Rxa5 b1=Q+ 20. Ne1 Nce4 21.
Kg2 Bd7 22. Bd3 Bb5 23. f3 Bxd3 24. Nxd3 Qxc2+ 25. Kh3 Qxd3 26. Re1 Nd6 27. Ra4
Qg6 28. Rea1 h5 29. Rxa6 Nfe4 30. fxe4 Qg4# 1-0

[Event "N4 Blagny / St dizier"]
[Site "?"]
[Date "2015.04.12"]
[Round "7.1"]
[White "Monaville, Guy"]
[Black "Viard, Dominique"]
[Result "1/2-1/2"]
[WhiteElo "2088"]
[BlackElo "1989"]
[PlyCount "45"]
[EventDate "2015.04.12"]
[SourceDate "2015.04.12"]

1. e4 c6 2. d3 d5 3. Nd2 e5 4. Ngf3 Bd6 5. g3 Ne7 6. Bg2 O-O 7. O-O f5 8. Qe1
fxe4 9. dxe4 Bg4 10. h3 Bh5 11. g4 Bg6 12. Nh4 Nd7 13. Nf5 Nf6 14. f3 Nxf5 15.
exf5 Bf7 16. Nb3 Qc7 17. Be3 b6 18. Nd2 Rad8 19. Bg5 Rfe8 20. Kh1 Kh8 21. c4
Be7 22. Bxf6 Bxf6 23. Rd1 1/2-1/2

[Event "N4 Blagny / St dizier"]
[Site "?"]
[Date "2015.04.12"]
[Round "7.2"]
[White "Moret, Florian"]
[Black "Fourcart, Marc"]
[Result "1-0"]
[WhiteElo "1955"]
[BlackElo "1720"]
[PlyCount "41"]
[EventDate "2015.04.12"]
[SourceDate "2015.04.12"]

1. e4 c5 2. Nc3 d6 3. f4 Nc6 4. Nf3 Nf6 5. Bc4 g6 6. O-O Bg7 7. d3 O-O 8. Qe1
Na5 9. Qh4 Nxc4 10. dxc4 h6 11. f5 g5 12. Qg3 Nh7 13. h4 f6 14. Kf2 e6 15. fxe6
Bxe6 16. hxg5 Nxg5 17. Nd5 f5 18. Nxg5 fxe4+ 19. Ke2 hxg5 20. Bxg5 Qd7 21. Ne7+
1-0

[Event "N4 Blagny / St dizier"]
[Site "?"]
[Date "2015.04.12"]
[Round "7.3"]
[White "Hanot, Wilfried"]
[Black "Robert-Dehault, Etienne"]
[Result "1/2-1/2"]
[WhiteElo "1816"]
[BlackElo "1883"]
[PlyCount "41"]
[EventDate "2015.04.12"]
[SourceDate "2015.04.12"]

1. b4 d5 2. Bb2 Qd6 3. a3 e5 4. e3 Bf5 5. c4 c6 6. cxd5 cxd5 7. Bb5+ Nc6 8. Nf3
f6 9. Qb3 Nge7 10. d3 a6 11. Bxc6+ Nxc6 12. Nbd2 Be6 13. Qd1 Be7 14. O-O O-O
15. Rc1 f5 16. Nb3 e4 17. dxe4 dxe4 18. Qxd6 Bxd6 19. Nfd4 Bxb3 20. Nxb3 Ne5
21. Bxe5 1/2-1/2

[Event "N4 Blagny / St dizier"]
[Site "?"]
[Date "2015.04.12"]
[Round "7.4"]
[White "Talbot, Remi"]
[Black "Romain, Adeline"]
[Result "0-1"]
[WhiteElo "1696"]
[BlackElo "1660"]
[PlyCount "58"]
[EventDate "2015.04.12"]
[SourceDate "2015.04.12"]

1. d4 d5 2. c4 Nf6 3. cxd5 Qxd5 4. Nc3 Qh5 5. Nf3 Bg4 6. e4 Bxf3 7. Qxf3 Qxf3
8. gxf3 e6 9. Be3 c6 10. O-O-O Bb4 11. Rg1 g6 12. a3 Bxc3 13. bxc3 Nbd7 14. Be2
O-O 15. Kc2 Nb6 16. h4 Rfc8 17. e5 Nfd5 18. Bd2 c5 19. Kd3 cxd4 20. cxd4 Nc4
21. Bc1 Nxa3 22. Kd2 Nb1+ 23. Kd3 Nbc3 24. Rde1 Nxe2 25. Kxe2 a5 26. h5 a4 27.
hxg6 fxg6 28. Ba3 b5 29. Rc1 b4 0-1

[Event "N4 Blagny / St dizier"]
[Site "?"]
[Date "2015.04.12"]
[Round "7.5"]
[White "Chebridon, J.Louis"]
[Black "Laurain-Henri, Dominic"]
[Result "1-0"]
[WhiteElo "1502"]
[BlackElo "1479"]
[PlyCount "59"]
[EventDate "2015.04.12"]
[SourceDate "2015.04.12"]

1. b3 Nf6 2. Bb2 e5 3. Bxe5 d6 4. Bb2 Bf5 5. Nf3 Nc6 6. a3 Be7 7. e3 O-O 8. Be2
Nd7 9. d4 Be4 10. Nbd2 d5 11. c4 Nf6 12. O-O h6 13. cxd5 Bxd5 14. Bc4 Ne4 15.
Nxe4 Bxe4 16. b4 Bf6 17. Rc1 Ne7 18. Bd3 Bd5 19. e4 Bc6 20. e5 Bxf3 21. Qxf3
Bg5 22. Qe4 f5 23. exf6 Rxf6 24. Bc4+ Kf8 25. Qh7 Nf5 26. Rce1 Ne3 27. fxe3
Rxf1+ 28. Rxf1+ Bf6 29. Qg8+ Ke7 30. Qf7+ 1-0

[Event "N4 Blagny / St dizier"]
[Site "?"]
[Date "2015.04.12"]
[Round "7.7"]
[White "Habran, Gael"]
[Black "Fister, Bernard"]
[Result "1-0"]
[WhiteElo "1535"]
[BlackElo "1417"]
[PlyCount "61"]
[EventDate "2015.04.12"]
[SourceDate "2015.04.12"]

1. e4 g6 2. d4 Bg7 3. Bc4 e6 4. e5 d5 5. Bb3 b6 6. Nf3 Ba6 7. Bg5 Ne7 8. Na3 b5
9. Qd2 Nbc6 10. c3 Rb8 11. Nc2 Na5 12. Qf4 Nc4 13. Bxc4 bxc4 14. Rb1 Qd7 15.
Bf6 Nf5 16. Bxg7 Nxg7 17. Qf6 Rg8 18. O-O Nh5 19. Qg5 Qe7 20. Qh6 Qf8 21. Qxf8+
Kxf8 22. g3 h6 23. Ne3 Bb7 24. b3 cxb3 25. Rxb3 c5 26. Rfb1 Rc8 27. Rxb7 cxd4
28. cxd4 Ng7 29. Rxa7 g5 30. Rbb7 Ke8 31. Re7+ 1-0

[Event "N4 Blagny / St dizier"]
[Site "?"]
[Date "2015.04.12"]
[Round "7.6"]
[White "Lemoine, J.Claude"]
[Black "Beaudiot, Alain"]
[Result "1/2-1/2"]
[WhiteElo "1520"]
[BlackElo "1566"]
[PlyCount "123"]
[EventDate "2015.04.12"]
[SourceDate "2015.04.12"]

1. c4 c5 2. Nc3 Nc6 3. Nf3 Nf6 4. e3 g6 5. Be2 Bg7 6. d4 cxd4 7. exd4 e6 8. Bg5
O-O 9. O-O Qa5 10. a3 a6 11. Bd3 Nxd4 12. Bxf6 Bxf6 13. Ne4 Nxf3+ 14. Qxf3 Bxb2
15. Rab1 Bg7 16. Be2 Qc7 17. c5 Be5 18. Qh3 Qd8 19. Qh6 Bf6 20. Rb3 Bg7 21. Qf4
e5 22. Qg3 Rb8 23. Rb6 d5 24. Rd1 Be6 25. Ng5 Qe7 26. Rdb1 Qxc5 27. Rxb7 Rxb7
28. Rxb7 Qc1+ 29. Bf1 Qc6 30. Qh4 h6 31. Nxe6 Qxe6 32. Qb4 Re8 33. Rb6 Qe7 34.
Qxe7 Rxe7 35. Rb8+ Bf8 36. Bxa6 Ra7 37. Rb6 Bxa3 38. Kf1 Bc5 39. Rb8+ Kg7 40.
Bb7 Ra1+ 41. Ke2 Ra2+ 42. Kd3 e4+ 43. Kc3 Rxf2 44. Bxd5 e3 45. Bf3 Rd2 46. Re8
Kf6 47. Kc4 Bd4 48. Rd8 Be5 49. Rxd2 exd2 50. g3 Bc7 51. Kd3 Ke5 52. Kxd2 f5
53. h3 g5 54. Ke2 Bb6 55. Kf1 Be3 56. Kg2 Bd4 57. Kf1 Bc3 58. Kg2 Kd4 59. Kf2
Bd2 60. Kg2 Ke3 61. Bc6 Be1 62. Bd5 1/2-1/2

[Event "N4 Rethel  E Aubois 1"]
[Site "?"]
[Date "2015.04.12"]
[Round "7"]
[White "Guillame, Jean-Francois"]
[Black "Monceau, Etienne"]
[Result "1/2-1/2"]
[WhiteElo "1806"]
[BlackElo "1733"]
[PlyCount "65"]
[EventDate "2012.10.14"]
[SourceDate "2015.04.12"]

1. Nf3 d5 2. d4 e6 3. Bf4 c5 4. c3 Nc6 5. e3 Nf6 6. Bd3 Bd6 7. Bg3 cxd4 8. exd4
O-O 9. Nbd2 Re8 10. Ne5 Bxe5 11. dxe5 Nd7 12. f4 f5 13. Bf2 b6 14. Nb3 Qe7 15.
O-O Nc5 16. Be2 Nxb3 17. Qxb3 Na5 18. Qc2 Bb7 19. Rad1 Red8 20. Bd4 Rac8 21.
Rf3 Bc6 22. Bd3 Nc4 23. Rh3 b5 24. g4 g6 25. gxf5 gxf5 26. Kh1 Kh8 27. Rg1 Rg8
28. Rhg3 Rxg3 29. Rxg3 Rg8 30. Qg2 Rxg3 31. Qxg3 Nxb2 32. Bxf5 Bd7 33. Bc2
1/2-1/2

[Event "N4 Rethel  E Aubois 1"]
[Site "?"]
[Date "2015.04.12"]
[Round "7"]
[White "Pierlot, Aurore"]
[Black "Moine, Patrick"]
[Result "0-1"]
[WhiteElo "1490"]
[BlackElo "1816"]
[PlyCount "70"]
[EventDate "2012.10.14"]
[SourceDate "2015.04.12"]

1. e4 c5 2. Nf3 d6 3. Nc3 a6 4. d4 cxd4 5. Nxd4 Nc6 6. Be3 Nf6 7. Bd3 e6 8. O-O
Be7 9. a3 Bd7 10. b4 b5 11. h3 Rc8 12. Nce2 O-O 13. Rc1 Ne5 14. Ng3 Nc4 15.
Bxc4 Rxc4 16. c3 Qc7 17. Qd3 Rc8 18. Bd2 d5 19. exd5 Nxd5 20. Ne4 f5 21. Ng3
Nxc3 22. Rfe1 Ne4 23. Nxe4 fxe4 24. Qxe4 Qd6 25. Be3 Bf6 26. Rcd1 Qb8 27. Qd3
Rd8 28. Nf3 Bc6 29. Qe2 Rxd1 30. Rxd1 Bd5 31. Bg5 Qc8 32. Bxf6 gxf6 33. Nd4 Rc1
34. Re1 Qc4 35. Qxc4 Rxe1+ 0-1

[Event "N4 Rethel  E Aubois 1"]
[Site "?"]
[Date "2015.04.12"]
[Round "7"]
[White "Roussel, julien"]
[Black "Bohr, Frederic"]
[Result "1-0"]
[WhiteElo "1768"]
[BlackElo "1459"]
[PlyCount "49"]
[EventDate "2012.10.14"]
[SourceDate "2015.04.12"]

1. d4 Nf6 2. Nf3 g6 3. e3 Bg7 4. Bd3 O-O 5. Nbd2 Nc6 6. a3 d6 7. c4 e5 8. dxe5
Nxe5 9. Be2 Be6 10. Nd4 Qd7 11. h3 c5 12. Nxe6 Qxe6 13. Qc2 d5 14. cxd5 Qxd5
15. O-O Rad8 16. Nf3 Rfe8 17. Nxe5 Rxe5 18. Rd1 Qc6 19. Rxd8+ Bf8 20. Bf3 Qc7
21. Rd2 b6 22. b3 Rg5 23. Bb2 Qe7 24. Rad1 Qe6 25. Qc3 1-0

[Event "N4 Rethel  E Aubois 1"]
[Site "?"]
[Date "2015.04.12"]
[Round "7"]
[White "Hascher, Nicolas"]
[Black "Noizet, Donatien"]
[Result "1-0"]
[WhiteElo "1949"]
[BlackElo "1975"]
[PlyCount "55"]
[EventDate "2012.10.14"]
[SourceDate "2015.04.12"]

1. d4 d5 2. Nf3 Nf6 3. c4 dxc4 4. Nc3 c6 5. a4 Nd5 6. e4 Nxc3 7. bxc3 b5 8. Ne5
e6 9. Qf3 Qf6 10. Qg3 Bd6 11. Bf4 O-O 12. Be2 Rd8 13. Bg5 Bxe5 14. Bxf6 Bxg3
15. Bxd8 Bd6 16. e5 Bf8 17. axb5 Bb7 18. Bf3 a6 19. bxa6 Bxa6 20. Kd2 Nd7 21.
Bc7 Ra7 22. Bd6 c5 23. Ra2 cxd4 24. cxd4 Bxd6 25. exd6 e5 26. Rha1 exd4 27.
Rxa6 c3+ 28. Kc2 1-0

[Event "N4 Rethel  E Aubois 1"]
[Site "?"]
[Date "2015.04.12"]
[Round "7"]
[White "Gerardin, David"]
[Black "Ferrand, Christophe"]
[Result "1/2-1/2"]
[WhiteElo "1771"]
[BlackElo "1889"]
[PlyCount "50"]
[EventDate "2012.10.14"]
[SourceDate "2015.04.12"]

1. Nf3 Nf6 2. d4 e6 3. e3 b6 4. Bd3 Bb7 5. b3 d6 6. Bb2 Nbd7 7. Nbd2 Be7 8. O-O
O-O 9. c4 c5 10. Rc1 Qc7 11. Qe2 e5 12. Bb1 Rfe8 13. d5 Nf8 14. Ne4 Bc8 15. Ng3
g6 16. Nd2 N6d7 17. f4 Bf6 18. Nde4 Bg7 19. f5 f6 20. h4 a5 21. Kh2 Re7 22. Rh1
a4 23. Rcf1 axb3 24. axb3 Ba6 25. Kg1 Rb8 1/2-1/2

[Event "N4 Rethel  E Aubois 1"]
[Site "?"]
[Date "2015.04.12"]
[Round "7"]
[White "Sohier, Renaud"]
[Black "Guyot, Philippe"]
[Result "0-1"]
[WhiteElo "2079"]
[BlackElo "1962"]
[PlyCount "58"]
[EventDate "2012.10.14"]
[SourceDate "2015.04.12"]

1. d4 Nf6 2. c4 e5 3. d5 Bc5 4. Nc3 O-O 5. e3 d6 6. Bd3 a5 7. Nge2 Re8 8. Qc2
Qe7 9. Ng3 Na6 10. a3 Ba7 11. Nce4 g6 12. Bd2 Nxe4 13. Bxe4 Nc5 14. h4 Bd7 15.
b3 a4 16. b4 Nb3 17. Rd1 f5 18. Bd3 e4 19. Be2 Rf8 20. h5 g5 21. O-O h6 22. Bc3
Rae8 23. Bb2 f4 24. Qc3 Qh7 25. exf4 gxf4 26. Nxe4 Re5 27. Bd3 Qg7 28. Bc2 f3
29. Ng3 Qxg3 0-1

[Event "La Tour du Roi/Epernay"]
[Site "?"]
[Date "2015.04.11"]
[Round "7"]
[White "Pytel, Krzystof"]
[Black "Puech, Armal"]
[Result "1-0"]
[WhiteElo "2296"]
[BlackElo "1834"]
[PlyCount "77"]
[EventDate "2015.04.26"]
[SourceDate "2015.04.26"]

1. e4 e6 2. Qe2 e5 3. Nf3 Nc6 4. g3 d6 5. Bg2 Bg4 6. c3 Nf6 7. h3 Bh5 8. d3 h6
9. Nbd2 Qd7 10. g4 Bg6 11. Nh4 Bh7 12. Nc4 Be7 13. Nf5 Bf8 14. a4 Ng8 15. b4 g6
16. Nfe3 Bg7 17. b5 Nce7 18. h4 Nf6 19. Ba3 O-O 20. Bf3 Ne8 21. h5 g5 22. O-O
Bf6 23. Rab1 Ng7 24. Nf5 Ngxf5 25. exf5 Rab8 26. a5 Nxf5 27. gxf5 Bxf5 28. Ne3
Be6 29. Bd5 c6 30. Bxe6 Qxe6 31. Qg4 Be7 32. Qxe6 fxe6 33. bxc6 bxc6 34. Nc4 c5
35. a6 Kf7 36. Rb7 Rxb7 37. axb7 Rb8 38. Rb1 Ke8 39. Bxc5 1-0

[Event "La Tour du Roi/Epernay"]
[Site "?"]
[Date "2015.04.11"]
[Round "7"]
[White "Durant, Christophe"]
[Black "Szylar, Eric"]
[Result "1-0"]
[WhiteElo "1929"]
[BlackElo "2057"]
[PlyCount "71"]
[EventDate "2015.04.26"]
[SourceDate "2015.04.26"]

1. d4 Nf6 2. Nf3 g6 3. Bf4 Bg7 4. e3 c5 5. c3 b6 6. Be2 O-O 7. Nbd2 Bb7 8. O-O
Nh5 9. Be5 Nc6 10. Bxg7 Kxg7 11. d5 Nb8 12. Ne4 f5 13. Neg5 h6 14. Nh3 Nf6 15.
c4 g5 16. Ne5 Qc7 17. Nd3 e6 18. dxe6 dxe6 19. f3 Nbd7 20. Qc2 Rad8 21. Rad1 e5
22. Nhf2 e4 23. fxe4 fxe4 24. Nc1 h5 25. Nh3 Kh6 26. Rf5 Ng4 27. Bxg4 hxg4 28.
Rxf8 Rxf8 29. Nf2 g3 30. Ng4+ Kh5 31. Qe2 gxh2+ 32. Kh1 Kh4 $4 33. Rxd7 Qxd7
34. Ne5 Rf1+ 35. Qxf1 Qd2 36. g3+ 1-0

[Event "La Tour du Roi/Epernay"]
[Site "?"]
[Date "2015.04.11"]
[Round "7"]
[White "Lassalle, Arnaud"]
[Black "Tatard, Marie"]
[Result "1-0"]
[WhiteElo "2049"]
[BlackElo "1845"]
[PlyCount "47"]
[EventDate "2015.04.26"]
[SourceDate "2015.04.26"]

1. e4 e6 2. d4 d5 3. Nd2 Nf6 4. e5 Nfd7 5. Bd3 a6 6. Ne2 c5 7. c3 Nc6 8. O-O
cxd4 9. cxd4 Qb6 10. Nf3 Be7 11. a3 h6 12. b4 f5 13. exf6 Bxf6 14. Bg6+ Kd8 15.
Be3 Nf8 16. Bd3 g5 17. Ne5 Ke7 18. f4 Nxe5 19. fxe5 Bg7 20. Qd2 Ke8 21. Rf3 Bd7
22. Raf1 Rc8 23. Rf7 Rg8 24. Bxg5 1-0

[Event "La Tour du Roi/Epernay"]
[Site "?"]
[Date "2015.04.11"]
[Round "7"]
[White "Crepaux, Jean Marie"]
[Black "Halfaoui, Eddine"]
[Result "0-1"]
[WhiteElo "1881"]
[BlackElo "1985"]
[PlyCount "108"]
[EventDate "2015.04.26"]
[SourceDate "2015.04.26"]

1. e4 e6 2. d4 d5 3. Nc3 Nf6 4. e5 Nfd7 5. f4 c5 6. Nf3 Nc6 7. Be3 Be7 8. Bb5
a6 9. Bxc6 bxc6 10. O-O Bb7 11. Na4 cxd4 12. Bxd4 c5 13. Bf2 O-O 14. b3 Rc8 15.
Qd2 Qc7 16. Rad1 Qc6 17. c3 Qc7 18. b4 cxb4 19. cxb4 Qc2 20. Qxc2 Rxc2 21. a3
Bc6 22. Nd4 Bxa4 23. Nxc2 Bxc2 24. Rc1 Ba4 25. Rc7 Bd8 26. Ra7 Bb5 27. Rc1 Nb6
28. Bc5 Re8 29. g3 Bc4 30. Kg2 Na4 31. Kf3 Bb6 32. Bxb6 Nxb6 33. Ke3 Ra8 34.
Rxa8+ Nxa8 35. Kd4 Nb6 36. Rc2 Kf8 37. Rc1 Ke7 38. Rc2 Kd7 39. Rc1 Kc6 40. Rc2
Kb5 41. Rc3 Nc8 42. Re3 Ne7 43. Re1 Nf5+ 44. Kc3 d4+ 45. Kb2 Ne3 46. Rc1 Nd5
47. Kc2 Nc3 48. Re1 Be2 49. Kd2 Kc4 50. Rxe2 Nxe2 51. Kxe2 Kc3 52. Kd1 Kb3 53.
Kd2 Kxa3 54. Kd3 Kxb4 0-1

[Event "La Tour du Roi/Epernay"]
[Site "?"]
[Date "2015.04.11"]
[Round "7"]
[White "Pytel, Bozena"]
[Black "Leroy, Patrick"]
[Result "0-1"]
[WhiteElo "1944"]
[BlackElo "1810"]
[PlyCount "111"]
[EventDate "2015.04.26"]
[SourceDate "2015.04.26"]

1. Nf3 Nf6 2. d4 d5 3. c4 e6 4. Nc3 Be7 5. Bg5 Nbd7 6. e3 O-O 7. cxd5 exd5 8.
Qc2 h6 9. Bh4 c6 10. Bd3 c5 11. O-O c4 12. Be2 a6 13. a4 b6 14. b3 cxb3 15.
Qxb3 Bb7 16. Rab1 Qc7 17. Rb2 Rfc8 18. Na2 Qd6 19. Bg3 Qa3 20. Nb4 Qxb3 21.
Rxb3 Ne4 22. Ra1 Rc3 23. Rb2 a5 24. Nd3 Ba6 25. Nde5 Nxe5 26. Bxa6 Nxf3+ 27.
gxf3 Nxg3 28. hxg3 Rxa6 29. Rb5 Ra8 30. Rxd5 Rac8 31. Kg2 Kf8 32. Rb1 Bb4 33.
Rd7 R3c7 34. Rd5 Ke8 35. Rb5 Rc6 36. Rd1 f6 37. e4 Rd6 38. d5 Rc2 39. f4 Bc5
40. e5 fxe5 41. fxe5 Rxf2+ 42. Kg1 Rd2+ 43. Kf1 Rxd1+ 44. Ke2 R6xd5 45. e6 Ke7
46. g4 Kxe6 47. g5 h5 48. g6 Kf6 49. Kf3 Kxg6 50. Rb2 R1d2 51. Rb1 Kf5 52. Rb3
g5 53. Kg3 h4+ 54. Kh3 g4+ 55. Kxh4 Rh2+ 56. Kg3 0-1

[Event "La Tour du Roi/Epernay"]
[Site "?"]
[Date "2015.04.11"]
[Round "7"]
[White "Marchal, Ludovic"]
[Black "Louis, André"]
[Result "1/2-1/2"]
[WhiteElo "1700"]
[BlackElo "1681"]
[PlyCount "138"]
[EventDate "2015.04.26"]
[SourceDate "2015.04.26"]

1. e4 e5 2. Nf3 Nc6 3. Bc4 Nf6 4. Ng5 d5 5. exd5 Na5 6. Bb5+ c6 7. dxc6 bxc6 8.
Be2 h6 9. Nf3 e4 10. Ne5 Bd6 11. f4 exf3 12. Nxf3 O-O 13. b3 Re8 14. Bb2 Bg4
15. O-O Qc7 16. Nc3 Bxf3 17. Rxf3 Bxh2+ 18. Kh1 Bg3 19. Qf1 Rad8 20. Rd3 Rxd3
21. Bxd3 Qe5 22. Qf5 Qxf5 23. Bxf5 Nb7 24. d4 Nd6 25. Bd3 Ng4 26. Kg1 Bf2+ 27.
Kh1 Bxd4 28. Na4 Bxb2 29. Nxb2 Nf2+ 30. Kg1 Nxd3 31. Nxd3 Re2 32. c4 f6 33. Nb4
c5 34. Nc6 Nc8 35. Kf1 Re6 36. Nd8 Re5 37. Rd1 Kh7 38. Rd7 Re8 39. Nc6 Kg6 40.
Nxa7 Re7 41. Rxe7 Nxe7 42. Nb5 f5 43. Nc3 Nc6 44. Na4 Nb4 45. Nxc5 Nxa2 46. Nd3
Kf6 47. Kf2 g5 48. Kf3 Ke6 49. b4 Nc3 50. Ke3 Ne4 51. Kd4 Kd6 52. Ne5 Ke6 53.
c5 Nf6 54. b5 Ke7 55. b6 Kd8 56. Nf7+ Kc8 57. Nxh6 f4 58. c6 g4 59. Nf5 f3 60.
gxf3 gxf3 61. Ne3 f2 62. Kc4 Ne8 63. Kb5 Nd6+ 64. Ka6 Kb8 65. b7 Ne8 66. Kb6
Nc7 67. Kc5 Ne6+ 68. Kd6 Nc7 69. Kd7 Nb5 1/2-1/2

[Event "La Tour du Roi/Epernay"]
[Site "?"]
[Date "2015.04.11"]
[Round "7"]
[White "Roule, Nicoalas"]
[Black "Ramos, Vincent"]
[Result "1-0"]
[WhiteElo "1636"]
[BlackElo "1199"]
[PlyCount "69"]
[EventDate "2015.04.26"]
[SourceDate "2015.04.26"]

1. d4 d5 2. c4 Nf6 3. cxd5 Nxd5 4. e4 Nf6 5. Nc3 Nc6 6. Bb5 Bd7 7. Nf3 g6 8.
O-O Bg7 9. h3 O-O 10. e5 Ne8 11. Bf4 Nb4 12. Qd2 Bxb5 13. Nxb5 Nd5 14. Bh6 c6
15. Bxg7 Nxg7 16. Nc3 Nxc3 17. bxc3 Rc8 18. Rab1 b6 19. Rb3 c5 20. d5 Qd7 21.
c4 Rcd8 22. Rd1 Rb8 23. d6 exd6 24. exd6 Rfd8 25. Ne5 Qc8 26. Qd5 Rb7 27. d7
Rdxd7 28. Nxd7 Rc7 29. Nf6+ Kh8 30. Qd8+ Qxd8 31. Rxd8+ Ne8 32. Rxe8+ Kg7 33.
Nd5 Rd7 34. Re7 Rd6 35. Rxa7 1-0

[Event "La Tour du Roi/Epernay"]
[Site "?"]
[Date "2015.04.11"]
[Round "7"]
[White "Crepot, Baptiste"]
[Black "Shaverdashvili, Irakli"]
[Result "0-1"]
[WhiteElo "1099"]
[BlackElo "1698"]
[PlyCount "56"]
[EventDate "2015.04.26"]
[SourceDate "2015.04.26"]

1. e4 d5 2. Nc3 dxe4 3. Nxe4 e6 4. Nf3 Nf6 5. Nxf6+ Qxf6 6. d3 h6 7. g3 Bc5 8.
Bg2 Nc6 9. Qd2 O-O 10. Qf4 Qe7 11. Be3 Bd6 12. Qc4 e5 13. Nd2 Be6 14. Qb5 Nd4
15. Bxd4 exd4 16. Qxb7 Bd5+ 17. Ne4 Bxb7 18. O-O Bxe4 19. Bxe4 Rab8 20. b3 Bb4
21. a3 Bxa3 22. Rfe1 Qd6 23. Ra2 Bb4 24. Re2 a5 25. Kf1 f5 26. Bg2 Rbe8 27.
Rxe8 Rxe8 28. h3 Re1# 0-1